|
|
|
|
| LEADER |
00000cam a2200000 7i4500 |
| 001 |
0000001673 |
| 005 |
20020716.0 |
| 090 |
0 |
0 |
|a 634.9285
|b LEE 1966
|
| 100 |
1 |
0 |
|a LEEhPeng Choong
|
| 245 |
1 |
0 |
|a Cameron Highlands district, Pahang
|c by Lee Peng Choong
|
| 260 |
0 |
0 |
|a [Kepong] :
|b Forest Research Institute ,
|c 1966
|
| 300 |
|
|
|a 1 v., (various pagings) :
|b ill., graph, maps (2 fold in pocket), tables ;
|c 33 cm.
|
| 440 |
0 |
0 |
|a Forest resources reconnaissance survey report; no.6
|
| 650 |
0 |
0 |
|a Forest surveys
|z Malaysia
|z Pahang
|
| 650 |
0 |
0 |
|a Forests and forestry
|x Mensuration
|
| 650 |
0 |
0 |
|a Surveys
|
| 998 |
|
|
|a JPSM
|
| 999 |
|
|
|a 0000002630
|b Monograph
|c Open Shelf
|e Default branch
|
| 999 |
|
|
|a 0000002969
|b Monograph
|c Open Shelf
|e Default branch
|